[Event "Sochi Tseshkovsky Memorial op"]
[Site "Sochi"]
[Date "2014.09.18"]
[Round "2"]
[White "Saveleva, Anna"]
[Black "Alchakov, Ratmir"]
[Result "0-1"]
[WhiteElo "1787"]
[BlackElo "1938"]
[PlyCount "84"]
[EventDate "2014.09.17"]
[EventType "swiss"]
[EventRounds "9"]
[EventCountry "RUS"]
[SourceTitle "CBM 162 Extra"]
[Source "ChessBase"]
[SourceDate "2014.10.17"]
[SourceVersion "1"]
[SourceVersionDate "2014.10.17"]
[SourceQuality "1"]

1. d4 d5 2. c4 e6 3. Nc3 Nf6 4. Nf3 c6 5. Bg5 Be7 6. e3 Qa5 7. Bxf6 Bxf6 8. Be2 0-0 9. 0-0 Nd7 10. Qa4 Qxa4 11. Nxa4 dxc4 12. Nc3 Nb6 13. Ne4 Be7 14. Ned2 c5 15. Nxc4 Nxc4 16. Bxc4 cxd4 17. Nxd4 Bf6 18. Rfd1 Rd8 19. Rab1 Bd7 20. b3 Rac8 21. Rbc1 Bxd4 22. exd4 Bc6 23. f3 Rd6 24. Bb5 Kf8 25. Bxc6 Rdxc6 26. Rxc6 Rxc6 27. Rd2 Ke7 28. Kf2 Kd6 29. Ke3 Kd5 30. h3 b5 31. Kd3 b4 32. Ke3 Rc3+ 33. Ke2 a5 34. Kf2 a4 35. bxa4 Ra3 36. a5 Rxa5 37. Ke2 Kc4 38. Kf2 Ra3 39. Ke2 Rc3 40. Rb2 f5 41. g3 g5 42. g4 f4 0-1

[Event "Krasnodar Region-ch U16"]
[Site "Bzhid"]
[Date "2013.03.09"]
[Round "8"]
[White "Alchakov, Ratmir"]
[Black "Skripnikov, Velori"]
[Result "1-0"]
[WhiteElo "1883"]
[BlackElo "1726"]
[PlyCount "41"]
[EventDate "2013.03.02"]
[EventType "swiss"]
[EventRounds "9"]
[EventCountry "RUS"]
[SourceTitle "EXT 2015"]
[Source "ChessBase"]
[SourceDate "2014.11.20"]
[SourceVersion "1"]
[SourceVersionDate "2014.11.20"]
[SourceQuality "1"]

1. d4 Nf6 2. Bg5 Ne4 3. Bh4 g6 4. Nd2 Nxd2 5. Qxd2 Bg7 6. e4 d6 7. f4 0-0 8. Nf3 c5 9. c3 Qc7 10. Bd3 Re8 11. 0-0 e5 12. fxe5 dxe5 13. Ng5 cxd4 14. Rxf7 Qc5 15. Qf2 Be6 16. Rf1 Qc8 17. Rxg7+ Kxg7 18. Qf6+ Kg8 19. Nf7 Bxf7 20. Qxf7+ Kh8 21. Bf6# 1-0

[Event "Krasnodar Region-ch U16"]
[Site "Bzhid"]
[Date "2013.03.05"]
[Round "4"]
[White "Kontsevik, Georgy"]
[Black "Alchakov, Ratmir"]
[Result "1-0"]
[WhiteElo "1979"]
[BlackElo "1883"]
[PlyCount "43"]
[EventDate "2013.03.02"]
[EventType "swiss"]
[EventRounds "9"]
[EventCountry "RUS"]
[SourceTitle "EXT 2015"]
[Source "ChessBase"]
[SourceDate "2014.11.20"]
[SourceVersion "1"]
[SourceVersionDate "2014.11.20"]
[SourceQuality "1"]

1. e4 c5 2. Nf3 d6 3. d4 cxd4 4. Nxd4 Nf6 5. Nc3 a6 6. Be2 Nbd7 7. 0-0 e6 8. f4 Be7 9. Be3 0-0 10. Qe1 Nc5 11. Bf3 e5 12. Nb3 Nxb3 13. axb3 Ng4 14. Bxg4 Bxg4 15. f5 Bg5 16. h3 Bh4 17. Qd2 Bg3 18. hxg4 Qh4 19. Rfd1 d5 20. Nxd5 Rad8 21. Qe2 Rd6 22. Qf3 1-0

[Event "Sochi Lazarevskoe op"]
[Site "Sochi"]
[Date "2012.06.20"]
[Round "7"]
[White "Nikolaev, Valerij"]
[Black "Alchakov, Ratmir"]
[Result "0-1"]
[WhiteElo "1791"]
[BlackElo "1900"]
[PlyCount "84"]
[EventDate "2012.06.14"]
[EventType "swiss"]
[EventRounds "9"]
[EventCountry "RUS"]
[SourceTitle "EXT 2013"]
[Source "ChessBase"]
[SourceDate "2012.11.22"]
[SourceVersion "1"]
[SourceVersionDate "2012.11.22"]
[SourceQuality "1"]

1. g3 Nf6 2. Bg2 g6 3. b3 Bg7 4. Bb2 0-0 5. Nf3 d6 6. 0-0 e5 7. d3 Ne8 8. Ne1 f5 9. f4 Nc6 10. e3 Qe7 11. Nc3 Nf6 12. Nd5 Nxd5 13. Bxd5+ Be6 14. e4 Nd8 15. c4 c6 16. Bxe6+ Nxe6 17. fxe5 dxe5 18. exf5 gxf5 19. Nf3 e4 20. Bxg7 Qxg7 21. dxe4 fxe4 22. Nh4 Rxf1+ 23. Qxf1 Qd4+ 24. Kh1 Rf8 25. Qd1 Qg7 26. Rc1 e3 27. Qe2 Qd4 28. Ng2 Rf2 29. Qxe3 Qxe3 30. Nxe3 Rxa2 31. Rd1 Rb2 32. Rd6 Nc5 33. Nf5 Rxb3 34. Kg2 a5 35. h4 a4 36. h5 a3 37. Rd8+ Kf7 38. Ra8 Rb2+ 39. Kf3 a2 40. Nd4 Na6 41. Nxc6 a1Q 42. Ne5+ Ke7 0-1

[Event "Sochi Lazarevskoe op"]
[Site "Sochi"]
[Date "2012.06.17"]
[Round "4"]
[White "Petrenko, Anastasia"]
[Black "Alchakov, Ratmir"]
[Result "0-1"]
[WhiteElo "1649"]
[BlackElo "1900"]
[PlyCount "52"]
[EventDate "2012.06.14"]
[EventType "swiss"]
[EventRounds "9"]
[EventCountry "RUS"]
[SourceTitle "EXT 2013"]
[Source "ChessBase"]
[SourceDate "2012.11.22"]
[SourceVersion "1"]
[SourceVersionDate "2012.11.22"]
[SourceQuality "1"]

1. Nf3 d5 2. d4 Nf6 3. Bg5 e6 4. e3 c5 5. c3 Be7 6. Nbd2 0-0 7. Bd3 b6 8. 0-0 Bb7 9. Bc2 Nbd7 10. Ne5 Ne8 11. Nxd7 Qxd7 12. Qh5 h6 13. Bxe7 Qxe7 14. f4 cxd4 15. exd4 Ba6 16. Rf2 f5 17. Re1 Nd6 18. Rf3 Ne4 19. Nxe4 fxe4 20. Rg3 Rxf4 21. Qxh6 Raf8 22. h3 R8f6 23. Qg5 Rf1+ 24. Rxf1 Rxf1+ 25. Kh2 Qxg5 26. Rxg5 e3 0-1

[Event "Belorechensk Sarkisov Memorial op"]
[Site "Belorechensk"]
[Date "2012.05.31"]
[Round "9"]
[White "Todua, Anastasia"]
[Black "Alchakov, Ratmir"]
[Result "1/2-1/2"]
[WhiteElo "1619"]
[BlackElo "1900"]
[PlyCount "78"]
[EventDate "2012.05.23"]
[EventType "swiss"]
[EventRounds "9"]
[EventCountry "RUS"]
[SourceTitle "CBM 148 Extra"]
[Source "ChessBase"]
[SourceDate "2012.06.22"]
[SourceVersion "1"]
[SourceVersionDate "2012.06.22"]
[SourceQuality "1"]

1. e4 c5 2. Nf3 d6 3. d4 cxd4 4. Nxd4 Nf6 5. Nc3 a6 6. Be2 e5 7. Nf3 Be7 8. Bg5 Nbd7 9. Qd2 b5 10. a3 Bb7 11. 0-0-0 Qb6 12. Be3 Qc7 13. Bd3 Nc5 14. Bxc5 Qxc5 15. Rhe1 Bc6 16. Qe3 Qxe3+ 17. Rxe3 Bd8 18. h3 Bb6 19. Re2 Nh5 20. g3 0-0 21. Red2 Rad8 22. Be2 Bc7 23. Nxe5 dxe5 24. Rxd8 Rxd8 25. Rxd8+ Bxd8 26. Bxh5 Bb6 27. Nd5 Bxd5 28. exd5 Bxf2 29. d6 Bxg3 30. d7 Bh4 31. Bf3 Kf8 32. b4 Ke7 33. Bb7 Kxd7 34. Bxa6 Kc6 35. c4 bxc4 36. Bxc4 f5 37. Kd2 Bf2 38. a4 g5 39. Bg8 h6 1/2-1/2

[Event "Belorechensk Sarkisov Memorial op"]
[Site "Belorechensk"]
[Date "2012.05.23"]
[Round "1"]
[White "Alchakov, Ratmir"]
[Black "Dmitriev, Igor"]
[Result "0-1"]
[WhiteElo "1900"]
[BlackElo "2393"]
[PlyCount "72"]
[EventDate "2012.05.23"]
[EventType "swiss"]
[EventRounds "9"]
[EventCountry "RUS"]
[SourceTitle "CBM 148 Extra"]
[Source "ChessBase"]
[SourceDate "2012.06.22"]
[SourceVersion "1"]
[SourceVersionDate "2012.06.22"]
[SourceQuality "1"]

1. d4 d6 2. c4 e5 3. dxe5 dxe5 4. Qxd8+ Kxd8 5. Nc3 Be6 6. b3 Nd7 7. Bb2 c6 8. 0-0-0 Kc7 9. Nf3 f6 10. e4 Nh6 11. Ne1 Ng4 12. Nd3 Nc5 13. Rd2 Rd8 14. f3 Ne3 15. Ne1 Rxd2 16. Kxd2 Nxf1+ 17. Rxf1 a6 18. Nd3 b5 19. cxb5 axb5 20. Rc1 Kb6 21. Nxc5 Bxc5 22. Kc2 h5 23. Kb1 h4 24. Ne2 b4 25. Rd1 Bc8 26. Nc1 h3 27. g3 Ba6 28. Kc2 Bf2 29. f4 exf4 30. gxf4 Rh4 31. Nd3 Bxd3+ 32. Kxd3 Rxf4 33. Rf1 Bg3 34. Rxf4 Bxf4 35. Bd4+ Kb5 36. Bg1 c5 0-1